[Event "World Blitz"]
[Site "Rishon Le Zion ISR"]
[Date "2006.09.07"]
[Round "5"]
[White "Polgar,Ju"]
[Black "Gelfand,B"]
[Result "0-1"]
[WhiteElo "2710"]
[BlackElo "2729"]
[EventDate "2006.09.07"]

1. e4 e6 2. d4 d5 3. Nc3 dxe4 4. Nxe4 Bd7 5. Nf3 Bc6 6. Bd3 Nd7 7. O-O Ngf6
8. Ng3 Be7 9. Re1 Bxf3 10. Qxf3 c6 11. a4 a5 12. h4 O-O 13. h5 c5 14. h6 g6
15. Be3 Nd5 16. Ne4 Nxe3 17. Qxe3 Qb6 18. Bb5 cxd4 19. Qf4 Nc5 20. Nf6+ Kh8
21. Qxd4 Nd7 22. Qxb6 Nxb6 23. Ng4 Nd5 24. Rad1 Rad8 25. Ne5 Kg8 26. Nc4
Ra8 27. Ne5 Bg5 28. c4 Nf6 29. Nd7 Rfd8 30. Nb6 Rab8 31. c5 Bd2 32. Rf1 Bb4
33. Rc1 Ne4 34. Nd7 Rbc8 35. Rfd1 Nxc5 36. Nf6+ Kh8 37. Rxd8+ Rxd8 38. Be8
b6 39. g4 Rd4 40. g5 Bd2 41. Rd1 Be3 42. Rxd4 Bxd4 43. Bxf7 Bxb2 44. Ne8
Nxa4 45. Bxe6 Nc5 46. Bd5 Be5 47. Kg2 a4 48. Kf3 0-1

[Event "World Blitz"]
[Site "Rishon Le Zion ISR"]
[Date "2006.09.07"]
[Round "7"]
[White "Erenburg,S"]
[Black "Gelfand,B"]
[Result "0-1"]
[WhiteElo "2585"]
[BlackElo "2729"]
[EventDate "2006.09.07"]

1. e4 c5 2. c3 Nf6 3. e5 Nd5 4. d4 cxd4 5. Nf3 d6 6. Bc4 Nb6 7. Bb3 dxe5 8.
Nxe5 e6 9. cxd4 Nc6 10. Nxc6 bxc6 11. O-O Be7 12. Nc3 Ba6 13. Re1 O-O 14.
Bf4 Nd5 15. Be5 Nxc3 16. bxc3 Bf6 17. Qf3 Rc8 18. Rad1 Qe7 19. Bc2 Rfd8 20.
Qe4 g6 21. Qf3 Bg7 22. Bb3 c5 23. Bxg7 Kxg7 24. d5 c4 25. Bc2 Bb7 26. d6
Rxd6 27. Qe3 Rb6 28. a4 Qc5 29. Qd4+ Qxd4 30. Rxd4 Bd5 31. h4 f5 32. g4 Rb2
33. Bd1 Rb1 34. gxf5 gxf5 35. Kh2 Kf6 36. Re3 Rg8 37. Bf3 Bxf3 38. Rxf3
Rgg1 39. Rg3 Rh1+ 40. Kg2 e5 41. Rxc4 e4 42. Rc6+ Ke5 43. f4+ Kxf4 44. Rg5
Rbg1+ 45. Kf2 e3+ 46. Ke2 Rh2+ 47. Kd3 Rd2+ 48. Kc4 Rxg5 49. hxg5 Kxg5 50.
Re6 0-1

[Event "World Blitz"]
[Site "Rishon Le Zion ISR"]
[Date "2006.09.07"]
[Round "9"]
[White "Erenburg,S"]
[Black "Svidler,P"]
[Result "0-1"]
[WhiteElo "2585"]
[BlackElo "2742"]
[EventDate "2006.09.07"]

1. e4 g6 2. d4 Bg7 3. Nc3 d6 4. Be3 a6 5. f4 b5 6. Nf3 Bb7 7. Bd3 Nd7 8. e5
e6 9. Be4 Bxe4 10. Nxe4 Nb6 11. O-O Ne7 12. Qd3 Qd7 13. b3 Qc6 14. Rac1 Rd8
15. c4 bxc4 16. bxc4 O-O 17. Bf2 Qa4 18. Bh4 Rfe8 19. Nf6+ Bxf6 20. Bxf6
Nd7 21. Ng5 dxe5 22. fxe5 Nxf6 23. Rxf6 Nf5 24. d5 Re7 25. g4 Ng7 26. Qf3
Rf8 27. Rf1 Qd7 28. d6 cxd6 29. exd6 Qxd6 30. Rxf7 Rexf7 31. Nxf7 Qc5+ 32.
Kh1 Nf5 33. gxf5 Rxf7 34. Qa8+ Qf8 35. Qxf8+ Kxf8 36. f6 0-1

[Event "World Blitz"]
[Site "Rishon Le Zion ISR"]
[Date "2006.09.07"]
[Round "13"]
[White "Bacrot,E"]
[Black "Carlsen,M"]
[Result "0-1"]
[WhiteElo "2707"]
[BlackElo "2675"]
[EventDate "2006.09.07"]

1. d4 Nf6 2. c4 c5 3. d5 b5 4. cxb5 a6 5. bxa6 g6 6. Nc3 Bxa6 7. Nf3 d6 8.
g3 Nbd7 9. Bg2 Bg7 10. Rb1 Nb6 11. b3 Bc8 12. Nd2 Bf5 13. e4 Bc8 14. O-O
Ba6 15. Re1 Nfd7 16. Bb2 O-O 17. Nf3 Ne5 18. Nxe5 Bxe5 19. Qd2 Nd7 20. Nd1
Qb6 21. Kh1 c4 22. bxc4 Bxc4 23. Ne3 Qa6 0-1